Kraje na Świecie (197) - Statystyki

Ogólne statystyki
  • Ten quiz został rozwiązany 366 razy
  • Średni wynik to 93 z 196
Statystyki odpowiedzi
Odpowiedź % Poprawnych
Polska
92%
Rosja
89%
Stany Zjednoczone
88%
Niemcy
86%
Francja
85%
Kanada
84%
Ukraina
81%
Hiszpania
80%
Brazylia
79%
Chiny
79%
Szwecja
79%
Czechy
78%
Portugalia
78%
Wielka Brytania
77%
Włochy
77%
Japonia
76%
Litwa
76%
Norwegia
76%
Białoruś
75%
Finlandia
75%
Słowacja
75%
Łotwa
74%
Meksyk
74%
Argentyna
73%
Irlandia
73%
Australia
72%
Austria
71%
Estonia
71%
Grecja
71%
Turcja
70%
Dania
69%
Egipt
69%
Korea Północna
69%
Korea Południowa
69%
Belgia
68%
Holandia
68%
Islandia
67%
Szwajcaria
67%
Chorwacja
66%
Indie
64%
Kazachstan
64%
Rumunia
64%
Słowenia
64%
Watykan
64%
Albania
62%
Bośnia i Hercegowina
62%
Chile
62%
Węgry
62%
Irak
61%
Iran
61%
Monako
61%
Republika Południowej Afryki
61%
Andora
59%
Arabia Saudyjska
59%
Bułgaria
59%
Kuba
59%
Maroko
59%
Niger
59%
San Marino
59%
Indonezja
58%
Luksemburg
57%
Urugwaj
57%
Afganistan
56%
Serbia
56%
Cypr
55%
Demokratyczna Republika Konga
55%
Dominika
55%
Macedonia Północna
55%
Nowa Zelandia
55%
Peru
55%
Algieria
54%
Czarnogóra
54%
Gruzja
54%
Izrael
54%
Kolumbia
54%
Mołdawia
54%
Nigeria
54%
Kongo
53%
Kosowo
53%
Pakistan
53%
Armenia
52%
Wenezuela
51%
Boliwia
50%
Filipiny
50%
Liechtenstein
50%
Malta
50%
Oman
50%
Paragwaj
50%
Wietnam
50%
Dominikana
49%
Madagaskar
49%
Panama
48%
Azerbejdżan
46%
Ekwador
46%
Jamajka
46%
Jemen
46%
Uzbekistan
46%
Zjednoczone Emiraty Arabskie
46%
Haiti
45%
Czad
44%
Etiopia
44%
Nepal
44%
Tunezja
44%
Katar
43%
Kenia
43%
Kostaryka
43%
Libia
43%
Tajlandia
43%
Turkmenistan
43%
Sudan
42%
Tadżykistan
42%
Angola
41%
Laos
40%
Malezja
40%
Somalia
40%
Bangladesz
39%
Honduras
39%
Liban
39%
Senegal
39%
Sri Lanka
39%
Syria
39%
Wybrzeże Kości Słoniowej
39%
Kambodża
38%
Malediwy
38%
Mali
38%
Tajwan
38%
Zambia
38%
Gwinea
37%
Kirgistan
37%
Fidżi
36%
Gujana
36%
Jordania
36%
Papua Nowa Gwinea
35%
Singapur
35%
Belize
34%
Bhutan
34%
Kuwejt
34%
Tanzania
34%
Zimbabwe
34%
Bahamy
33%
Ghana
33%
Gwatemala
33%
Palestyna
33%
Sudan Południowy
33%
Togo
33%
Uganda
33%
Barbados
32%
Erytrea
32%
Salwador
32%
Kamerun
31%
Mozambik
31%
Bahrajn
30%
Nikaragua
30%
Surinam
30%
Benin
29%
Botswana
29%
Gabon
29%
Lesotho
29%
Liberia
29%
Mauretania
29%
Mikronezja
29%
Mjanma
29%
Seszele
28%
Trynidad i Tobago
28%
Antigua i Barbuda
27%
Gwinea Równikowa
27%
Burkina Faso
26%
Dżibuti
26%
Gambia
26%
Kiribati
26%
Palau
26%
Wyspy Świetego Tomasza i Książęca
26%
Grenada
25%
Republika Środkowoafrykańska
25%
Rwanda
25%
Saint Lucia
25%
Wyspy Marshalla
25%
Brunei
24%
Burundi
24%
Namibia
24%
Timor Wschodni
24%
Tuvalu
24%
Gwinea Bissau
23%
Samoa
23%
Tonga
23%
Nauru
22%
Saint Kitts i Nevis
22%
Saint Vincent i Grenadyny
22%
Sierra Leone
22%
Vanuatu
22%
Komory
21%
Mauritius
21%
Wyspy Salomona
21%
Malawi
18%
Suazi
17%
Wyspy Zielonego Przylądka
16%
Nie znaleziono quizów pasujących do podanych kryteriów
Rozkład punktacji
Procent ludzi z każdym wynikiem
Percentyl według liczby udzielonych odpowiedzi
Twoja historia wyników
Nie rozwiązałeś tego quizu